A History of Philosophy: Greece and Rome
Guardat en:
| Autor principal: | |
|---|---|
| Format: | Llibre |
| Idioma: | Spanish |
| Publicat: |
New York, Estados Unidos
Image Books
1962
|
| Matèries: | |
| Etiquetes: |
Afegir etiqueta
Sense etiquetes, Sigues el primer a etiquetar aquest registre!
|
MARC
| LEADER | 00000nam a2200000Ia 4500 | ||
|---|---|---|---|
| 008 | 170316s9999 xx 000 0 spa d | ||
| 040 | |a cru BVZT | ||
| 090 | |a H-100 C-2a v.I - part II | ||
| 100 | |a Copleston, Frederick | ||
| 245 | 2 | |a A History of Philosophy: Greece and Rome |c Frederick Copleston | |
| 260 | |a New York, Estados Unidos | ||
| 260 | |b Image Books | ||
| 260 | |c 1962 | ||
| 300 | |a 280 páginas Vol. 1 : parte 2 | ||
| 650 | |a FILOSOFÍA |9 5 | ||
| 650 | |a HISTORIA |9 90 | ||
| 650 | 0 | |a EN IDIOMA INGLÉS |9 129 | |
| 650 | |a GRECIA | ||
| 650 | |a ROMA | ||
| 999 | |c 28876 |d 28876 | ||
| 942 | |c LIB |h H-100 C-2a v.I - part II |2 z | ||
